00375nam a2200121Ia 4500008004100000020002200041100001900063245006500082260003400147300002600181650002000207650002600227200924s9999 xx 000 0 und d a978-971-98-1188-6 aHansen, Don R. cDon R. Hansen, Maryanne M. MowenaStrategic cost management/ aManila:bC&E Publishingc2019 avi, 490 pagesc25 cm. aCost accounting aManagerial accounting